| 000 | 00506 a2200169 4500 | ||
|---|---|---|---|
| 003 | OSt | ||
| 005 | 20231211103525.0 | ||
| 008 | 231211b |||||||| |||| 00| 0 eng d | ||
| 020 | _a9788124019276 | ||
| 040 | _coclc | ||
| 082 |
_a954.83 _bBAL/K |
||
| 100 |
_aBalakrishnan, P K _91791 |
||
| 245 |
_aKAYAR VYAVASAYATHINTTE SAAMPATHIKACHARITHRAM / _cDr. P K Balakrishnan |
||
| 260 |
_bCurrent Books, _c2021. |
||
| 300 | _a144p,, 21cm | ||
| 942 |
_2ddc _cBK _h954.83 _iBAL/K _k954.83 _mBAL/K |
||
| 999 |
_c44170 _d44170 |
||